| 000 | 00749cam a2200265 4500 | ||
|---|---|---|---|
| 008 | 090401t1980 xxu||||| |||| 00| 0 eng d | ||
| 020 | _a0434900990 | ||
| 035 | _a(Sirsi) u65720 | ||
| 041 | _aeng | ||
| 050 | _a658.1552 | ||
| 100 | _aBathurst, Peter E | ||
| 245 | _aBuilding cost control techniques and economics. | ||
| 250 | _a2nd ed | ||
| 260 |
_aLondon _bHeinemann _c1980 |
||
| 300 | _a202p. ; 28cm. | ||
| 350 | _a8.5 | ||
| 520 | _aAppendix D Expenditure Forecasting includes DHSS S-curve formula. | ||
| 650 | _aCAPITAL EXPENDITURE FORECASTING | ||
| 650 | _aCUMULATIVE EXPENDITURE FORECASTING | ||
| 650 | _aDHSS S-CURVE FORMULA | ||
| 650 | _aS-CURVE FORMULA | ||
| 700 | _aButler, David A | ||
| 942 | _n0 | ||
| 948 | _c04/03/1997 | ||
| 999 |
_c94781 _d94781 |
||